[Event "Ä13Ï "]
[Site "Loo"]
[Date "2017.04.20"]
[Round "1.14"]
[White "Äîí÷åíêî, Åêàòåðèíà."]
[Black "Çàðêîâà, Åëèçàâåòà."]
[Result "1/2-1/2"]
[WhiteElo "1534"]
[BlackElo "1290"]
[PlyCount "188"]
[EventDate "2017.04.20"]

1. e4 e5 2. Nf3 Nc6 3. Bb5 a6 4. Ba4 Nf6 5. d3 b5 6. Bb3 Be7 7. O-O O-O 8. c3
d5 9. Qe2 d4 10. Nbd2 Bg4 11. h3 Bh5 12. Rd1 Re8 13. Nf1 Bc5 14. Ng3 Bg6 15.
Nh4 Na5 16. Bc2 dxc3 17. bxc3 Nh5 18. Ngf5 Ng3 19. Nxg3 Qxh4 20. d4 Bb6 21. Qf3
Nc4 22. a4 Rad8 23. Be3 Nb2 24. Rdb1 Nxa4 25. Bxa4 bxa4 26. Rxa4 exd4 27. Bxd4
Bxd4 28. Rxd4 Rxd4 29. cxd4 h6 30. Re1 Qg5 31. Qc3 Qf6 32. Qc4 Qb6 33. d5 Qa5
34. Rb1 Kh7 35. Rb4 Ra8 36. Kh2 Ra7 37. Qd4 Ra8 38. Rb7 Rc8 39. Qc4 c6 40. dxc6
f6 41. Ra7 Qb5 42. Qxb5 axb5 43. c7 b4 44. f3 b3 45. Ne2 Bf7 46. Nc3 b2 47. Kg3
Bc4 48. Rb7 Bd3 49. Rxb2 Rxc7 50. Nd5 Rc2 51. Rb7 Kg8 52. Ne3 Rc5 53. Nf5 Rxf5
54. exf5 Bxf5 55. Kh4 Kh7 56. Kg3 Kg6 57. Kf4 Bd3 58. h4 h5 59. Ke3 Bf5 60. Kd4
Kh6 61. Rb3 Kg6 62. Kd5 Kf7 63. Rb7+ Kf8 64. Kd6 Bd3 65. Rc7 Bf5 66. Ra7 Kg8
67. Ke7 Bd3 68. Rd7 Bc2 69. Rc7 Bd3 70. Rc8+ Kh7 71. Kf7 Bb1 72. Rc7 Kh6 73. f4
Be4 74. Rd7 Bxg2 75. Rd8 Kh7 76. Rd7 Bh3 77. Rc7 Bg4 78. Kf8 Kg6 79. Rc5 Bh3
80. Kg8 Be6+ 81. Kf8 Bg4 82. Ke7 Bh3 83. Kd6 Bg4 84. Kc6 Kf7 85. Kd6 Kg6 86.
Kc6 Kf7 87. Kd6 Kg6 88. Rd5 Kf7 89. Kc5 Ke6 90. Kd4 g6 91. Ra5 Bf3 92. Ke3 Bg4
93. Ke4 Bf5+ 94. Ke3 Bg4 1/2-1/2

[Event "Ä13Ï "]
[Site "Loo"]
[Date "2017.04.20"]
[Round "1.15"]
[White "Êóëìàãàìáåòîâà, Àéøà."]
[Black "Ä¸ìèíîâà, Ìàðèÿ."]
[Result "0-1"]
[WhiteElo "1289"]
[BlackElo "1526"]
[PlyCount "64"]
[EventDate "2017.04.20"]

1. e4 c5 2. Nf3 e6 3. Bc4 a6 4. a3 b5 5. Ba2 Bb7 6. d3 Qc7 7. Be3 Nf6 8. Nbd2
d6 9. Qe2 Be7 10. h3 Nc6 11. c4 O-O 12. O-O Nd7 13. d4 cxd4 14. Nxd4 Bf6 15.
Nxc6 Bxc6 16. Rab1 Qb7 17. cxb5 Bxb5 18. Bc4 Bc6 19. Bd3 Ne5 20. Bc2 Bb5 21.
Qe1 Bxf1 22. Qxf1 Rfc8 23. Qd1 Qc7 24. Bb3 Rab8 25. Qe2 a5 26. Ba2 Qc2 27. Qa6
Ra8 28. Qxd6 Rd8 29. Bb3 Qxb1+ 30. Nxb1 Rxd6 31. Nc3 Nd3 32. Bc1 Nxc1 0-1

[Event "Ä13Ï "]
[Site "Loo"]
[Date "2017.04.20"]
[Round "1.16"]
[White "Âèòþãîâà, ßðîñëàâà."]
[Black "Áîæåíîâà, Âåðîíèêà."]
[Result "1-0"]
[WhiteElo "1509"]
[BlackElo "1283"]
[PlyCount "113"]
[EventDate "2017.04.20"]

1. e4 c5 2. c3 g6 3. d4 cxd4 4. cxd4 Bg7 5. Nc3 d6 6. h3 Nc6 7. Nf3 Nf6 8. Bb5
a6 9. Bxc6+ bxc6 10. O-O O-O 11. e5 dxe5 12. dxe5 Nd5 13. Nxd5 cxd5 14. Bf4 Bb7
15. Qd2 Rc8 16. Rac1 Qd7 17. Bh6 Rfe8 18. Bxg7 Kxg7 19. Qd4 Kg8 20. Qf4 Kg7 21.
Ng5 Rf8 22. Rxc8 Qxc8 23. Rc1 Qd7 24. e6 fxe6 25. Qe5+ Kg8 26. Nxe6 Rf6 27. Nc5
Qc8 28. Qxe7 Rf7 29. Qe3 Qc7 30. Qe8+ Rf8 31. Qe6+ Rf7 32. Nd3 Qe7 33. Qxe7
Rxe7 34. Kf1 Kf7 35. b4 Ke8 36. Re1 Rxe1+ 37. Kxe1 Kd7 38. Nc5+ Kc6 39. Nxb7
Kxb7 40. Kd2 Kc6 41. a4 Kb6 42. Kd3 a5 43. bxa5+ Kxa5 44. Kd4 Kxa4 45. Kxd5 Kb3
46. f4 Kc3 47. g4 Kd3 48. f5 gxf5 49. gxf5 h5 50. f6 h4 51. f7 Ke3 52. f8=Q Kd3
53. Qf3+ Kc2 54. Kd4 Kd2 55. Qf2+ Kd1 56. Kd3 Kc1 57. Qc2# 1-0

[Event "Ä13Ï "]
[Site "Loo"]
[Date "2017.04.20"]
[Round "1.17"]
[White "Äåíùèê, Àëåêñàíäðà."]
[Black "Ñèäîðîâà, Àëåíà."]
[Result "0-1"]
[WhiteElo "1266"]
[BlackElo "1506"]
[PlyCount "88"]
[EventDate "2017.04.20"]

1. e4 e5 2. Bc4 Nf6 3. d4 exd4 4. Nf3 Nxe4 5. Qxd4 Nf6 6. Bg5 Be7 7. O-O O-O 8.
Nc3 Nc6 9. Qd2 h6 10. Bxf6 Bxf6 11. Rfe1 d6 12. h3 Ne5 13. Nxe5 Bxe5 14. Rad1
Qh4 15. Re4 Bxc3 16. Rxh4 Bxd2 17. Rxd2 Be6 18. Re2 d5 19. Bb3 Rfe8 20. Ba4 c6
21. Rb4 b5 22. Bb3 a5 23. Rd4 a4 24. Bxa4 Rxa4 25. Rxa4 bxa4 26. Rd2 Rb8 27. b3
axb3 28. axb3 Ra8 29. Kh2 Ra2 30. g4 f5 31. f3 fxg4 32. fxg4 Bf7 33. Kg3 Bg6
34. Rd4 Rxc2 35. Rf4 Rc3+ 36. Kh4 Rxb3 37. Rd4 Rc3 38. Rf4 Rc4 39. Rf3 d4 40.
Rf2 d3 41. Rd2 Rc2 42. Rd1 Rg2 43. Re1 Bf7 44. Re5 g5+ 0-1

[Event "Ä13Ï "]
[Site "Loo"]
[Date "2017.04.20"]
[Round "1.18"]
[White "Òóìàøåâè÷, Åëèçàâåòà."]
[Black "Êàëóñòîâà, Ìàðèíà."]
[Result "0-1"]
[WhiteElo "1506"]
[BlackElo "1242"]
[PlyCount "186"]
[EventDate "2017.04.20"]

1. d4 d5 2. c4 Bf5 3. Nf3 Nf6 4. e3 e6 5. Nc3 Nc6 6. Bd3 Bxd3 7. Qxd3 Be7 8.
O-O O-O 9. cxd5 Nxd5 10. e4 Ndb4 11. Qd2 Qd7 12. a3 Na5 13. Qd1 Nbc6 14. b4 Nc4
15. Qb3 Nb6 16. Be3 Rfd8 17. Rfd1 Bf6 18. e5 Be7 19. Rac1 Nd5 20. Nxd5 Qxd5 21.
Qxd5 Rxd5 22. Ne1 a5 23. Nc2 axb4 24. Nxb4 Bxb4 25. axb4 Ra4 26. Ra1 Rxb4 27.
Ra8+ Rd8 28. Rxd8+ Nxd8 29. g3 Rb5 30. Ra1 h6 31. Ra8 Rd5 32. Rc8 Rd7 33. f4
Kh7 34. Rb8 Kg6 35. g4 h5 36. h3 hxg4 37. hxg4 b6 38. Ra8 Nc6 39. Ra4 b5 40.
Ra6 Nxd4 41. f5+ Kh7 42. Bxd4 Rxd4 43. fxe6 fxe6 44. Rxe6 Rxg4+ 45. Kf2 Rg6 46.
Re7 Rc6 47. e6 Kg6 48. Re8 Kf6 49. e7 Kf7 50. Rb8 Kxe7 51. Rxb5 Rd6 52. Ke3 Rd7
53. Ke4 c6 54. Rc5 Rc7 55. Ke5 Kd7 56. Kf5 Kd6 57. Rc1 Re7 58. Kg6 c5 59. Rd1+
Kc6 60. Rc1 Rd7 61. Kf5 Rd6 62. Ke5 g6 63. Ra1 Rd5+ 64. Ke4 g5 65. Ra6+ Kb5 66.
Rg6 Rd4+ 67. Ke3 g4 68. Rg5 Kb4 69. Rf5 Kc4 70. Rg5 Kb4 71. Rf5 g3 72. Rg5 g2
73. Rxg2 Kc3 74. Rg5 Rd3+ 75. Ke4 c4 76. Rg2 Rd2 77. Rg3+ Kc2 78. Ra3 c3 79.
Ke3 Rd3+ 80. Ke2 Rd2+ 81. Ke3 Kb2 82. Ra6 Kb3 83. Ra8 Kc2 84. Ra2+ Kc1 85. Ra1+
Kb2 86. Ra8 Rd1 87. Rb8+ Ka3 88. Rc8 c2 89. Ke2 Kb2 90. Rb8+ Ka3 91. Rc8 c1=Q
92. Rxc1 Rxc1 93. Kd2 Rc5 0-1

[Event "Ä13Ï "]
[Site "Loo"]
[Date "2017.04.20"]
[Round "1.19"]
[White "Ïåòðîâà, Àíæåëèêà."]
[Black "Àôîíàñüåâà, Âàëåðèÿ."]
[Result "1/2-1/2"]
[WhiteElo "1241"]
[BlackElo "1498"]
[PlyCount "115"]
[EventDate "2017.04.20"]

1. d4 d5 2. Nf3 Nf6 3. c4 c6 4. e3 e6 5. cxd5 exd5 6. Nc3 Bg4 7. Qb3 Qc7 8. Ne5
Bf5 9. Be2 Nbd7 10. Nf3 Qb6 11. Qxb6 Nxb6 12. Bd2 Bd6 13. O-O O-O 14. a4 Ne4
15. b3 Nxd2 16. Nxd2 Bb4 17. Ncb1 Nd7 18. Nf3 Nf6 19. Nbd2 Ne4 20. Nxe4 Bxe4
21. Rfc1 f6 22. a5 a6 23. Ra4 Bd6 24. Nd2 Bf5 25. Nb1 Rac8 26. Nc3 Bd7 27. Raa1
Bf5 28. Na4 Rcd8 29. Nc5 Bxc5 30. Rxc5 Rf7 31. Bf3 Re7 32. h3 Bd3 33. Rd1 Bb5
34. Re1 f5 35. g4 f4 36. Rcc1 Rde8 37. Rc3 h6 38. h4 g5 39. h5 Kg7 40. Bd1 Re4
41. Bc2 Rxd4 42. Bf5 Rd2 43. e4 Kf6 44. Rcc1 dxe4 45. Rxe4 Rxe4 46. Bxe4 Bd3
47. Bf3 Be2 48. Bxe2 Rxe2 49. Rd1 Ke7 50. Rd3 Re5 51. b4 Rb5 52. Rd4 c5 53.
bxc5 Rxc5 54. Rb4 Rb5 55. Rc4 Kd7 56. Rd4+ Ke7 57. Rc4 Kd7 58. Rd4+ 1/2-1/2

[Event "Ä13Ï "]
[Site "Loo"]
[Date "2017.04.20"]
[Round "1.21"]
[White "Èâàíîâà, Äàðüÿ."]
[Black "Ëóêüÿí÷åíêî, Àëèñà."]
[Result "0-1"]
[WhiteElo "1224"]
[BlackElo "1463"]
[PlyCount "40"]
[EventDate "2017.04.20"]

1. e4 e5 2. Nf3 Nc6 3. Bc4 Nf6 4. Ng5 d5 5. exd5 Na5 6. Bb5+ c6 7. dxc6 bxc6 8.
Qf3 Rb8 9. Bxc6+ Nxc6 10. Qxc6+ Nd7 11. Nf3 Bc5 12. Qe4 O-O 13. O-O Rb4 14. Qe2
e4 15. Ne1 Ne5 16. c3 Bg4 17. Qa6 Rb6 18. Qa5 Qd5 19. Nc2 Bxf2+ 20. Rxf2 Qxa5
0-1

[Event "Ä13Ï "]
[Site "Loo"]
[Date "2017.04.20"]
[Round "1.22"]
[White "Êîâòóí, Òàòüÿíà."]
[Black "Çàáàâñêàÿ, Äàðèÿ."]
[Result "1/2-1/2"]
[WhiteElo "1459"]
[BlackElo "1220"]
[PlyCount "81"]
[EventDate "2017.04.20"]

1. e4 e5 2. Nf3 Nf6 3. Nxe5 d6 4. Nf3 Nxe4 5. Nc3 Nxc3 6. dxc3 Be7 7. Be3 O-O
8. Qd2 Bg4 9. Bd3 Nc6 10. h3 Bxf3 11. gxf3 Ne5 12. Be2 Bf6 13. O-O-O Qe7 14.
Rdg1 Qe6 15. b3 a5 16. Rg2 a4 17. Kb2 Nc6 18. Bh6 Nb4 19. Bc4 d5 20. Bxg7 Bxg7
21. Rhg1 Qf6 22. Rxg7+ Kh8 23. Bd3 a3+ 24. Kb1 Nxd3 25. Qxd3 Qh6 26. Qd4 f6 27.
Rxc7 Rg8 28. Rg4 Rxg4 29. Qxg4 Re8 30. Rc8 Qf8 31. Rxe8 Qxe8 32. Qg1 Qe5 33.
Kc1 Qxc3 34. Qd1 Qb2+ 35. Kd2 Qxa2 36. Qe1 Qb2 37. Qe8+ Kg7 38. Qe7+ Kg6 39.
Qe8+ Kg7 40. Qe7+ Kg6 41. Qe8+ 1/2-1/2

[Event "Ä13Ï "]
[Site "Loo"]
[Date "2017.04.20"]
[Round "1.23"]
[White "Àðåôüåâà, Îëüãà."]
[Black "Ëîáàíîâà, Ìèëàíà."]
[Result "0-1"]
[WhiteElo "1212"]
[BlackElo "1454"]
[PlyCount "110"]
[EventDate "2017.04.20"]

1. e4 c5 2. Nf3 d6 3. d4 cxd4 4. Nxd4 Nf6 5. Nc3 a6 6. h3 Bd7 7. g4 h6 8. Nde2
Nc6 9. Ng3 e6 10. Bg2 Be7 11. Be3 b5 12. a3 Rc8 13. Qd2 Ne5 14. O-O-O Nc4 15.
Qe2 Nxa3 16. bxa3 Rxc3 17. Rd3 Qa5 18. Rxc3 Qxc3 19. Qd3 Qxd3 20. cxd3 O-O 21.
Kb2 Rc8 22. Rc1 Rxc1 23. Bxc1 Bc6 24. Kb3 a5 25. Bd2 a4+ 26. Ka2 d5 27. e5 Nd7
28. d4 Nb6 29. Bb4 Bxb4 30. axb4 f6 31. f4 Nc4 32. Ne2 Ne3 33. Bh1 Nc2 34. Kb2
Nxb4 35. f5 exf5 36. gxf5 fxe5 37. dxe5 Nd3+ 38. Ka3 b4+ 39. Ka2 Nxe5 40. Nd4
Bb7 41. Bg2 Kf7 42. Bf1 Nc4 43. h4 Kf6 44. h5 b3+ 45. Ka1 b2+ 46. Ka2 b1=Q+ 47.
Kxb1 Nd2+ 48. Kb2 Nxf1 49. Ka3 Ke5 50. Nb5 Bc6 51. Nc3 Kxf5 52. Nxa4 Bxa4 53.
Kxa4 d4 54. Kb3 Ke4 55. Kc2 d3+ 0-1

[Event "Ä13Ï "]
[Site "Loo"]
[Date "2017.04.20"]
[Round "1.24"]
[White "Òóêòèíà, Äàðüÿ."]
[Black "Ìîõàììàä, Äàðèíà."]
[Result "1-0"]
[WhiteElo "1454"]
[BlackElo "1211"]
[PlyCount "101"]
[EventDate "2017.04.20"]

1. e4 e5 2. Nf3 Nc6 3. Bb5 d6 4. O-O Nf6 5. Nc3 Bd7 6. d3 h6 7. h3 Be7 8. Be3
a6 9. Ba4 O-O 10. Qd2 Kh7 11. Ne2 b5 12. Bb3 a5 13. a3 b4 14. axb4 axb4 15.
Rxa8 Qxa8 16. Ng3 Qc8 17. c3 bxc3 18. bxc3 Na5 19. Bc2 Be6 20. d4 Nc4 21. Qd3
Nxe3 22. Qxe3 exd4 23. cxd4 Kg8 24. Nh4 c5 25. d5 Bd7 26. Nhf5 Bxf5 27. Nxf5
Qd7 28. Qg3 Nh5 29. Qg4 Rd8 30. Qxh5 Bg5 31. Qf3 Re8 32. Qg3 Qd8 33. Qxd6 Qxd6
34. Nxd6 Rb8 35. Rb1 Rxb1+ 36. Bxb1 Kf8 37. Kf1 Ke7 38. Nf5+ Kf6 39. Ke2 g6 40.
Ng3 Ke5 41. Kd3 f5 42. Kc4 fxe4 43. Nxe4 Bh4 44. g3 Be7 45. f4+ Kf5 46. Nxc5+
Kf6 47. Ne4+ Kf5 48. d6 Bd8 49. Kc5 Ke6 50. Kc6 h5 51. Nc5+ 1-0

[Event "Ä13Ï "]
[Site "Loo"]
[Date "2017.04.20"]
[Round "1.25"]
[White "Êèðüÿíîâà, Åâãåíèÿ."]
[Black "Êóðãàíîâà, Åëåíà."]
[Result "1/2-1/2"]
[WhiteElo "1198"]
[BlackElo "1453"]
[PlyCount "86"]
[EventDate "2017.04.20"]

1. c4 Nf6 2. g3 g6 3. Bg2 Bg7 4. Nf3 O-O 5. O-O d6 6. d4 c5 7. e3 Nc6 8. Nc3
Na5 9. b3 Rb8 10. Bb2 a6 11. Qe2 Qc7 12. dxc5 Qxc5 13. Na4 Qh5 14. Bc3 Nc6 15.
Qd3 Bf5 16. Qe2 b5 17. cxb5 axb5 18. Nb2 b4 19. Bxf6 Bxf6 20. Qd2 Bc3 21. Qc1
Rfc8 22. Nd4 Nxd4 23. exd4 Bxd4 24. Qd2 Bc3 25. Qc1 Bh3 26. Bxh3 Qxh3 27. Rb1
Qf5 28. Qe3 Qe5 29. Nc4 Qxe3 30. Nxe3 Kg7 31. Nd5 e6 32. Nxc3 Rxc3 33. Rb2 d5
34. Re1 Rb6 35. Ree2 g5 36. Kg2 Rd6 37. Rbd2 f5 38. Kh3 Kf6 39. Rd4 Rb6 40. f4
g4+ 41. Kg2 Rc8 42. Re3 Rb5 43. Rdd3 Rb6 1/2-1/2

[Event "Ä13Ï "]
[Site "Loo"]
[Date "2017.04.20"]
[Round "1.26"]
[White "Îíäàð, Øóðó."]
[Black "Ôîðîñòÿíàÿ, Ñîôèÿ."]
[Result "0-1"]
[WhiteElo "1449"]
[BlackElo "1179"]
[PlyCount "90"]
[EventDate "2017.04.20"]

1. d4 f5 2. Bg5 Nf6 3. Nf3 d6 4. Nbd2 Nbd7 5. e3 g6 6. c3 Bg7 7. Bc4 d5 8. Bd3
O-O 9. O-O h6 10. Bf4 c6 11. h3 Kh7 12. Qc2 Ne4 13. Bxe4 fxe4 14. Ne1 e5 15.
Bh2 exd4 16. cxd4 Qe7 17. Qb3 b6 18. f3 Bb7 19. f4 c5 20. Nc2 a5 21. a4 cxd4
22. exd4 Rf6 23. Nb1 Ba6 24. Rd1 Rc8 25. Ne3 Bc4 26. Nxc4 Rxc4 27. Nc3 Qe6 28.
Qb5 Rf7 29. Ne2 Rb4 30. Qa6 Rxb2 31. Rdb1 Rxe2 32. Qxe2 Bxd4+ 33. Kh1 Bxa1 34.
Rxa1 Nc5 35. Ra3 Qd7 36. Qd1 d4 37. h4 h5 38. g3 Qd5 39. Bg1 e3+ 40. Kh2 Qe4
41. Qe2 Re7 42. Ra2 d3 43. Qe1 d2 44. Qe2 Qd3 45. Qd1 e2 0-1

[Event "Ä13Ï "]
[Site "Loo"]
[Date "2017.04.20"]
[Round "1.27"]
[White "×àðêèíà, Ìàðèÿ."]
[Black "Òîëñòûõ, Àðèíà."]
[Result "1/2-1/2"]
[WhiteElo "1151"]
[BlackElo "1439"]
[PlyCount "135"]
[EventDate "2017.04.20"]

1. e4 c5 2. d3 Nc6 3. g3 g6 4. Bg2 Bg7 5. Nf3 d6 6. O-O e5 7. Be3 Nge7 8. c3
O-O 9. d4 cxd4 10. cxd4 f5 11. d5 Nb4 12. a3 fxe4 13. axb4 exf3 14. Bxf3 b6 15.
Bg2 Bb7 16. Nc3 Qc7 17. Qb3 Nf5 18. Bd2 Nd4 19. Qa2 a6 20. Rac1 Qd8 21. Be3 Nf5
22. Bd2 b5 23. Rfe1 Qf6 24. Ne4 Qf7 25. Ng5 Qe7 26. Ne6 Rfc8 27. Nxg7 Kxg7 28.
Bc3 Rc4 29. b3 Rc7 30. Qd2 Rac8 31. f4 Kf6 32. Bh3 Bxd5 33. Bxf5 gxf5 34. Qxd5
Rxc3 35. fxe5+ dxe5 36. Rxc3 Rxc3 37. Ra1 Qa7+ 38. Kg2 Rc2+ 39. Kh3 Rc7 40.
Qd6+ Kg5 41. Rxa6 Qxa6 42. Qxa6 e4 43. Qxb5 e3 44. Qe2 Re7 45. b5 h5 46. b6 f4
47. gxf4+ Kxf4 48. Qf1+ Kg5 49. Qg2+ Kf5 50. Qf3+ Kg5 51. Qg3+ Kf5 52. Qf3+ Kg5
53. Qd5+ Kf6 54. Qd6+ Kf7 55. Qxe7+ Kxe7 56. b7 e2 57. b8=Q e1=Q 58. Qb7+ Kd8
59. Qd5+ Ke7 60. Qxh5 Qe3+ 61. Kh4 Qxb3 62. Qe2+ Kf6 63. Qf2+ Ke5 64. Qe1+ Kf5
65. Qf2+ Ke6 66. Qe1+ Kf6 67. Qf1+ Ke6 68. Qa6+ 1/2-1/2

[Event "Ä13Ï "]
[Site "Loo"]
[Date "2017.04.20"]
[Round "1.28"]
[White "Òèìîôååâà, Þëèÿ."]
[Black "Âîëîáóåâà, Àíàñòàñèÿ."]
[Result "1-0"]
[WhiteElo "1427"]
[BlackElo "1137"]
[PlyCount "143"]
[EventDate "2017.04.20"]

1. e4 e5 2. Nf3 Nc6 3. Nc3 Nf6 4. Bb5 Bd6 5. d3 h6 6. O-O a6 7. Ba4 Qe7 8. a3
b5 9. Bb3 Bb7 10. Re1 O-O-O 11. a4 b4 12. Ne2 a5 13. Bd2 g5 14. c3 Rdg8 15. Ng3
Qf8 16. Nf5 Ba6 17. d4 g4 18. N3h4 h5 19. Nxd6+ Qxd6 20. Bxf7 Rd8 21. Nf5 Qf8
22. Bb3 Nxe4 23. Ne7+ Nxe7 24. Rxe4 exd4 25. cxb4 Bb7 26. Rxd4 Nc6 27. Rf4 Qd6
28. b5 Nb4 29. Rc4 Nd5 30. Bxa5 Rde8 31. Rxc7+ Kb8 32. Bxd5 Bxd5 33. Rc2 Qe6
34. Qd4 Rc8 35. Rxc8+ Rxc8 36. Qb6+ Qxb6 37. Bxb6 h4 38. Bd4 Bc4 39. Rc1 h3 40.
g3 d5 41. Rc3 Re8 42. Re3 Re4 43. Rxe4 dxe4 44. Be3 Kb7 45. b4 Bd3 46. b6 Ka6
47. b5+ Kb7 48. Bd4 Bc4 49. Be3 Bd3 50. Bd4 Bc4 51. Bc5 Bd3 52. f3 exf3 53. Kf2
Be2 54. Ke3 Bd1 55. Kf4 Be2 56. Bf2 Bd1 57. Kxg4 Bxa4 58. Kxh3 Bxb5 59. Kg4 Bc6
60. Kf5 Kc8 61. Ke5 Kd7 62. g4 Ke7 63. h4 Kf7 64. Kd6 Be4 65. Kc7 Kg6 66. b7
Bxb7 67. Kxb7 Kf6 68. Kc6 Ke5 69. g5 Kf5 70. Kd5 Kg6 71. Ke4 Kh5 72. Kxf3 1-0

[Event "Ä13Ï "]
[Site "Loo"]
[Date "2017.04.20"]
[Round "1.30"]
[White "Òóëàåâà, Ìàðèÿ."]
[Black "Îëåíèíà, Àë¸íà."]
[Result "1-0"]
[WhiteElo "1418"]
[BlackElo "1126"]
[PlyCount "146"]
[EventDate "2017.04.20"]

1. e4 d5 2. exd5 Qxd5 3. Nc3 Qa5 4. h3 Nf6 5. Nf3 Bf5 6. d3 e6 7. Bd2 Qb6 8.
Qc1 Bb4 9. a3 Bc5 10. Be3 Bxe3 11. fxe3 Nbd7 12. g4 Bg6 13. Bg2 O-O-O 14. b3
Qc5 15. Qd2 a6 16. Na4 Qd6 17. Nb2 Nb6 18. a4 h6 19. Rf1 Rhe8 20. O-O-O Qa3 21.
Kb1 Nfd5 22. Nd4 Ne7 23. a5 Nbd5 24. Nc4 Qb4 25. Bxd5 Nxd5 26. Qxb4 Nxb4 27.
Kb2 c5 28. Nf3 f6 29. e4 Nc6 30. Nh4 Bh7 31. Nf3 e5 32. c3 Kc7 33. Rd2 Rf8 34.
Nh4 Rf7 35. Nf5 Bxf5 36. gxf5 Ne7 37. Nb6 Kc6 38. c4 Rg8 39. Rdf2 Nc8 40. Nxc8
Rxc8 41. Rg2 Rg8 42. Rfg1 b6 43. axb6 Kxb6 44. Kc3 a5 45. Rg6 Kc6 46. Rxh6 Kd7
47. Rhg6 Ke8 48. h4 Kf8 49. Ra1 Ra7 50. h5 Rh8 51. Rh1 Rf7 52. Rg2 Rh6 53. Ra2
Ra7 54. Rha1 Rxh5 55. Rxa5 Rc7 56. Ra8+ Kf7 57. R1a7 Rxa7 58. Rxa7+ Kg8 59. Rc7
Kh7 60. Rxc5 Kh6 61. b4 Kg5 62. b5 g6 63. fxg6 Kxg6 64. Rc8 Rh7 65. b6 Rb7 66.
c5 Kg5 67. Rc7 Rb8 68. b7 f5 69. exf5 Kxf5 70. c6 Kf4 71. Rc8 Rxc8 72. bxc8=Q
e4 73. dxe4 Kxe4 1-0

[Event "Ä13Ï "]
[Site "Loo"]
[Date "2017.04.20"]
[Round "1.31"]
[White "Ñîêîëîâà, Åêàòåðèíà."]
[Black "Ëóá÷åíêîâà, Àíàñòàñèÿ."]
[Result "0-1"]
[WhiteElo "1125"]
[BlackElo "1413"]
[PlyCount "102"]
[EventDate "2017.04.20"]

1. e4 e5 2. Nf3 Nc6 3. Bb5 d6 4. O-O Bd7 5. Nc3 a6 6. Ba4 Nf6 7. Re1 b5 8. Bb3
Bg4 9. h3 Bh5 10. g4 Bg6 11. d3 h5 12. Nh2 hxg4 13. hxg4 Qd7 14. Re3 Rxh2 15.
Kxh2 Nxg4+ 16. Kg1 Nxe3 17. Bxe3 O-O-O 18. a4 b4 19. Nd5 a5 20. Bb6 Kb7 21.
Bxc7 Ra8 22. Nb6 Qe8 23. Nxa8 Kxa8 24. Bd5 Ka7 25. Rc1 Ne7 26. Bb3 Qd7 27. Qf3
Nc6 28. Qe3+ Kb7 29. Bd5 f6 30. Kg2 Bf7 31. Bxf7 Qxf7 32. b3 d5 33. Rh1 dxe4
34. Qxe4 Kxc7 35. Rh8 Kd8 36. Qc4 Qxc4 37. dxc4 Ke7 38. Rh1 Nd4 39. Rc1 Ke6 40.
c3 Nxb3 41. Rc2 Kd7 42. Kf3 f5 43. Rb2 Nc5 44. cxb4 Nd3 45. Rd2 e4+ 46. Ke3
Bxb4 47. Rd1 Bc5+ 48. Ke2 Ke6 49. f3 Nf4+ 50. Kf1 e3 51. Rd8 e2+ 0-1

[Event "Ä13Ï "]
[Site "Loo"]
[Date "2017.04.20"]
[Round "1.32"]
[White "Ãàíüæèíà, Ìàðèÿ."]
[Black "Ñîáëèðîâà, Ñàáèíà."]
[Result "1/2-1/2"]
[WhiteElo "1408"]
[BlackElo "1114"]
[PlyCount "63"]
[EventDate "2017.04.20"]

1. e4 e6 2. d4 d5 3. exd5 exd5 4. Bd3 Nf6 5. c3 c5 6. Bf4 Nc6 7. dxc5 Bxc5 8.
Nf3 O-O 9. O-O Bg4 10. Nbd2 d4 11. c4 Nh5 12. Bg3 Nxg3 13. fxg3 Ne5 14. Be4 Qb6
15. b3 Rae8 16. Qe1 Nd3 17. Qd1 Nb4 18. Bxh7+ Kh8 19. Be4 d3+ 20. Kh1 Nc2 21.
Bxd3 Ne3 22. Qc1 Nxf1 23. Qxf1 Bxf3 24. Qxf3 Qh6 25. Ne4 Bd4 26. Rd1 Re7 27.
Bc2 Be5 28. Nf2 Bd4 29. Ne4 Be5 30. Nf2 Bd4 31. Ne4 Be5 32. Nf2 1/2-1/2

[Event "Ä13Ï "]
[Site "Loo"]
[Date "2017.04.20"]
[Round "1.33"]
[White "Áåëîçåðîâà, Îëüãà."]
[Black "Îéäóï, Àðñåíèÿ."]
[Result "1/2-1/2"]
[WhiteElo "1111"]
[BlackElo "1401"]
[PlyCount "59"]
[EventDate "2017.04.20"]

1. d4 Nf6 2. Nf3 g6 3. g3 Bg7 4. Bg2 O-O 5. c4 d6 6. O-O c6 7. Nc3 Qc7 8. h3
Rd8 9. e4 e5 10. Be3 a6 11. Qc2 b6 12. Rad1 Nbd7 13. b4 Bb7 14. d5 c5 15. bxc5
bxc5 16. Nh2 Rab8 17. f4 Nh5 18. g4 exf4 19. Bxf4 Nxf4 20. Rxf4 Bd4+ 21. Kh1
Ne5 22. Rdf1 Be3 23. Rf6 Bg5 24. R6f2 Bh4 25. Rf4 Bg5 26. R4f2 Be3 27. Rf6 Bg5
28. R6f2 Be3 29. Rf6 Bg5 30. R6f2 1/2-1/2

[Event "Ä13Ï "]
[Site "Loo"]
[Date "2017.04.20"]
[Round "1.34"]
[White "Ñìàëåâà, Ñòàíèñëàâà."]
[Black "Ïåõîòî, Àëåêñàíäðà."]
[Result "1-0"]
[WhiteElo "1397"]
[BlackElo "1101"]
[PlyCount "107"]
[EventDate "2017.04.20"]

1. e4 e6 2. d4 d5 3. Nd2 Nc6 4. Ngf3 dxe4 5. Nxe4 f5 6. Ng3 g6 7. c3 Bg7 8. Bc4
e5 9. Qe2 Qe7 10. Bg5 Bf6 11. Bxf6 Nxf6 12. Nxe5 Nxe5 13. Qxe5 Qxe5+ 14. dxe5
Nd7 15. f4 Nb6 16. Bb3 c5 17. Ne2 a5 18. g3 a4 19. Bc2 Nc4 20. O-O-O Ne3 21.
Rd3 Nxc2 22. Kxc2 Be6 23. Kb1 a3 24. b3 c4 25. Rd6 Ke7 26. b4 Rhd8 27. Rhd1 b5
28. Rxd8 Rxd8 29. Rxd8 Kxd8 30. Nd4 Bd7 31. Nc2 Ke7 32. Kc1 Ke6 33. Kd2 Kd5 34.
Ke3 h6 35. Nxa3 g5 36. h3 Bc6 37. Nc2 Ke6 38. Nd4+ Kd5 39. Nxf5 gxf4+ 40. Kxf4
Bd7 41. g4 Ke6 42. Nxh6 Ke7 43. h4 Kf8 44. Nf5 Kg8 45. h5 Kh7 46. Kg3 Kg8 47.
Kf4 Kh7 48. g5 Kh8 49. g6 Kg8 50. e6 Be8 51. e7 Bd7 52. Nd6 Kg7 53. e8=Q Bxe8
54. Nxe8+ 1-0

[Event "Ä13Ï "]
[Site "Loo"]
[Date "2017.04.20"]
[Round "1.35"]
[White "Øåâöîâà, Ñòåôàíèÿ."]
[Black "Ïàõîìîâà, Òàòüÿíà."]
[Result "1-0"]
[WhiteElo "1096"]
[BlackElo "1394"]
[PlyCount "103"]
[EventDate "2017.04.20"]

1. e4 e5 2. Nf3 Nc6 3. Bc4 Bc5 4. c3 Nf6 5. O-O Nxe4 6. d4 d5 7. Bb3 exd4 8.
cxd4 Bd6 9. Bxd5 Bxh2+ 10. Kxh2 Qxd5 11. Re1 O-O 12. Nc3 Nxc3 13. bxc3 Bg4 14.
Bf4 Rfe8 15. Rxe8+ Rxe8 16. Bxc7 Re6 17. Qd3 Bxf3 18. Qxf3 Qc4 19. d5 Rh6+ 20.
Kg1 Qh4 21. Qh3 Qxh3 22. gxh3 Rxh3 23. dxc6 bxc6 24. Re1 h6 25. Re8+ Kh7 26.
Be5 Rh5 27. f4 f6 28. Bd4 Ra5 29. Re7 Kg6 30. Rxa7 Rxa7 31. Bxa7 Kf7 32. a4 Ke8
33. Bb6 f5 34. a5 Kd7 35. a6 Kc8 36. a7 Kb7 37. Bd4 g6 38. Kg2 Ka8 39. Kg3 Kb7
40. Kh4 g5+ 41. fxg5 hxg5+ 42. Kxg5 f4 43. Kxf4 Ka8 44. Ke5 Kb7 45. Kd6 Ka8 46.
c4 Kb7 47. Kd7 Ka8 48. Be5 c5 49. Kc7 Kxa7 50. Bd6 Ka8 51. Kc8 Ka7 52. Bxc5+
1-0

[Event "Ä13Ï "]
[Site "Loo"]
[Date "2017.04.20"]
[Round "1.36"]
[White "Õîþð-Îîë, Àðûÿíà."]
[Black "Áî÷àðîâà, Äàðüÿ."]
[Result "1-0"]
[WhiteElo "1391"]
[BlackElo "1094"]
[PlyCount "61"]
[EventDate "2017.04.20"]

1. d4 d5 2. Bg5 f6 3. Bh4 e6 4. e3 Nc6 5. Bd3 Bd6 6. Qh5+ Kd7 7. Qd1 e5 8. Qg4+
Ke8 9. Qxg7 Nge7 10. Qxh8+ Kd7 11. Qxd8+ Kxd8 12. Bxf6 exd4 13. Bxe7+ Bxe7 14.
exd4 Nxd4 15. c3 Nf5 16. Nf3 h6 17. Nbd2 b6 18. O-O-O Bb7 19. Bxf5 Ke8 20. Nd4
Bg5 21. Ne6 Bxd2+ 22. Rxd2 Ke7 23. Nxc7 Rd8 24. Re1+ Kf6 25. g4 a5 26. Re6+ Kg5
27. Rg6+ Kh4 28. Ne6 Rh8 29. Nf4 b5 30. Rd3 Bc6 31. Ng2# 1-0

[Event "Ä13Â "]
[Site "Loo"]
[Date "2017.04.20"]
[Round "1.1"]
[White "Ãðèãîðÿí, Ñîíà."]
[Black "Ìèðîíåíêî, Ãàëèíà."]
[Result "0-1"]
[WhiteElo "1527"]
[BlackElo "1956"]
[PlyCount "86"]
[EventDate "2017.04.20"]

1. d4 Nc6 2. c4 e5 3. e3 exd4 4. exd4 d5 5. Nf3 Bg4 6. Nc3 Bxf3 7. Qxf3 Nxd4 8.
Qe3+ Qe7 9. Qxe7+ Nxe7 10. Kd1 O-O-O 11. Bd2 g6 12. Kc1 c6 13. Be3 Bg7 14. g3
Kb8 15. cxd5 Nxd5 16. Bg2 Nxc3 17. bxc3 Ne2+ 18. Kc2 Nxc3 19. Rae1 Nd5 20. Bd2
Rd7 21. Re2 b6 22. Rhe1 Kb7 23. Bxd5 cxd5 24. Re7 Rhd8 25. Bf4 Bd4 26. f3 Bc5
27. Rxd7+ Rxd7 28. Kd3 Re7 29. Rd1 Kc6 30. a4 a6 31. Rb1 b5 32. axb5+ axb5 33.
h3 Ra7 34. Bc1 b4 35. Rb3 Kb5 36. g4 Ra1 37. Kd2 Kc4 38. Rb2 Bd4 39. Rc2+ Bc3+
40. Kd1 b3 41. Re2 b2 42. Rxb2 Bxb2 43. Kc2 Bxc1 0-1

[Event "Ä13Â "]
[Site "Loo"]
[Date "2017.04.20"]
[Round "1.2"]
[White "Íàñûðîâà, Åêàòåðèíà."]
[Black "Øåñòàêîâà, Áîãäàíà."]
[Result "1-0"]
[WhiteElo "1955"]
[BlackElo "1526"]
[PlyCount "97"]
[EventDate "2017.04.20"]

1. d4 Nf6 2. c4 g6 3. Nc3 Bg7 4. e4 d6 5. Be2 Nbd7 6. Nf3 e5 7. d5 O-O 8. Be3
Nh5 9. g3 a5 10. Nd2 Nhf6 11. a3 Ne8 12. f3 f5 13. b4 Nef6 14. Bf2 c5 15. Nb5
Ne8 16. O-O Qg5 17. Kh1 b6 18. bxa5 bxa5 19. a4 f4 20. g4 h5 21. h3 Kf7 22. Kg2
Ndf6 23. h4 Qh6 24. g5 Qh7 25. gxf6 Bxf6 26. Rh1 g5 27. hxg5 Bxg5 28. Qe1 Rg8
29. Kf1 Qg6 30. Bd3 Rh8 31. Ke2 Qf6 32. Nb3 h4 33. Nxa5 h3 34. Nc6 h2 35. Kd2
Qh6 36. Bf1 Qh5 37. Bg2 Bb7 38. a5 Ra6 39. Nb8 Ra8 40. Nd7 Ke7 41. Nb6 Ra6 42.
Ke2 Nf6 43. Kd3 Rg8 44. Qe2 Qh6 45. Qb2 Rh8 46. Nxd6 Kxd6 47. Bxc5+ Kc7 48.
Qxe5+ Kd8 49. Qe7# 1-0